Código de derecho canónico y legislación complementaria / (Record no. 44618)

MARC details
000 -LEADER
campo de control de longitud fija 00876nam a2200217 i 4500
001 - NÚMERO DE CONTROL
campo de control 44618
003 - IDENTIFICADOR DE NÚMERO DE CONTROL
campo de control ES-MaACL
005 - FECHA Y HORA DE LA ÚLTIMA TRANSACCIÓN
campo de control 20250808221308.0
007 - CAMPO FIJO DE DESCRIPCIÓN FÍSICA--INFORMACIÓN GENERAL
campo de control de longitud fija t|
008 - DATOS DE LONGITUD FIJA--INFORMACIÓN GENERAL
campo de control de longitud fija 030321s1976 sp ||||1| spa d
245 00 - MENCIÓN DEL TÍTULO
Título Código de derecho canónico y legislación complementaria /
Mención de responsabilidad, etc. texto latino y versión castellana con jurisprudencia y comentarios por Lorenzo Miguélez Domínguez, Sabino Alonso Morán y Marcelino Cabreros de Anta ; prólogo José López Ortíz.
250 ## - MENCION DE EDICION
Mención de edición 10ª ed.
260 ## - PUBLICACIÓN, DISTRIBUCIÓN, ETC.
Lugar de publicación, distribución, etc. Madrid :
Nombre del editor, distribuidor, etc. La Editorial Católica,
Fecha de publicación, distribución, etc. 1976.
300 ## - DESCRIPCIÓN FÍSICA
Extensión XXXIX, 1212 p. ;
Dimensiones 20 cm.
700 1# - ENTRADA AGREGADA--NOMBRE PERSONAL
Nombre de persona Miguélez Domínguez, Lorenzo
9 (RLIN) 81048
700 1# - ENTRADA AGREGADA--NOMBRE PERSONAL
Nombre de persona Alonso Morán, Sabino,
Fechas asociadas al nombre 1890-
9 (RLIN) 20365
700 1# - ENTRADA AGREGADA--NOMBRE PERSONAL
Nombre de persona Cabreros de Anta, Marcelino
9 (RLIN) 33327
700 1# - ENTRADA AGREGADA--NOMBRE PERSONAL
Nombre de persona López Ortiz, José,
Fechas asociadas al nombre 1898-1992
9 (RLIN) 73849
852 ## - LOCALIZACIÓN
Ubicación ES-MaACL
Número de control de estantería A-6377
Sublocalización o colección R.95439
Holdings
Estatus retirado Estado de pérdida Estado de daño No para préstamo Biblioteca de origen Biblioteca actual Ubicación en estantería Fecha de adquisición Fuente de adquisición Total de préstamos Signatura topográfica completa Código de barras Visto por última vez Precio de reemplazo Tipo de ítem Koha
        Biblioteca del Ateneo de Madrid Biblioteca del Ateneo de Madrid Sala Pecera Planta 1 17/01/2008     A-6377 1046960 23/02/2023 23/02/2023 Libro impreso